|
|
|
|
| LEADER |
01400cas a2200193 a 4500 |
| 001 |
AALejournalIMF014192 |
| 008 |
230101c9999 xx r poo 0 0eng d |
| 020 |
|
|
|z 9781475595512
|
| 040 |
|
|
|a BD-DhAAL
|c BD-DhAAL
|
| 100 |
1 |
|
|a Schipke, Alfred.
|
| 245 |
1 |
0 |
|a Frontier and Developing Asia :
|b The Next Generation of Emerging Markets /
|c Alfred Schipke.
|
| 264 |
|
1 |
|a Washington, D.C. :
|b International Monetary Fund,
|c 2015.
|
| 300 |
|
|
|a 1 online resource (272 pages)
|
| 500 |
|
|
|a <strong>Off-Campus Access:</strong> No User ID or Password Required
|
| 500 |
|
|
|a <strong>On-Campus Access:</strong> No User ID or Password Required
|
| 506 |
|
|
|a Electronic access restricted to authorized BRAC University faculty, staff and students
|
| 520 |
3 |
|
|a With a combined population of more than 350 million people, frontier and developing Asia, which includes countries such as Vietnam, Cambodia, and Bangladesh, is located in the world's fastest-growing region and has favorable demographics. The countries share a number of common macroeconomic, financial, and structural challenges. This book addresses issues related to economic growth and structural transformation, as well as the risk of a poverty trap and rising income inequality.
|
| 538 |
|
|
|a Mode of access: Internet
|
| 856 |
4 |
0 |
|z Full text available on IMF
|u http://elibrary.imf.org/view/books/071/21132-9781475595512-en/21132-9781475595512-en-book.xml
|z IMF e-Library
|